000 00326 a2200157 4500
001 23676
020 _a9788599264294
040 _cAnchieta - São Paulo/Itaigara
100 _aMonet, Claude
240 1 0 _aClaude Monet
_lpor
245 1 0 _aClaude Monet
300 _a96
362 0 _a2007
650 4 _aPintura
942 _cBK
999 _c23676
_d23676